Zámery hospodárskej politiky

Výkonnosť ekonomiky SR v r. 1993-1996. Hrubý domáci produkt a tvorba hrubého fixného kapitálu (1993-1996). Podiel fixných investícií na HDP (1994). Výdavky na vedu a techniku zo štátneho rozpočtu (1993-1996, 1997 - rozpočet). Dôchodky v sektore domácností v bežných cenách v r. 1995-1996. Efektívnosť...

Celý popis

Uložené v:
Podrobná bibliografia
Hlavný autor: Ďurianová, Alica
Médium: Kapitola
Jazyk:Slovak
Predmet:
Tagy: Pridať tag
Žiadne tagy, Buďte prvý, kto otaguje tento záznam!

MARC

LEADER 00000naa a2200000 4500
001 r026413
005 20251104123654.2
041 0 |a slo 
044 |a SK 
245 1 0 |a Zámery hospodárskej politiky  |c Alica Ďurianová 
520 |a Výkonnosť ekonomiky SR v r. 1993-1996. Hrubý domáci produkt a tvorba hrubého fixného kapitálu (1993-1996). Podiel fixných investícií na HDP (1994). Výdavky na vedu a techniku zo štátneho rozpočtu (1993-1996, 1997 - rozpočet). Dôchodky v sektore domácností v bežných cenách v r. 1995-1996. Efektívnosť investícií. Zahraničný obchod za r. 1991-1996. Expertný odhad prognózy HDP, inflácie a M2 (1995-2002). Štruktúra HDP (1993-1995). 
610 2 0 |a politika hospodárska 
610 2 0 |a výkonnosť 
610 2 0 |a produkt domáci hrubý 
610 2 0 |a výdavky 
610 2 0 |a 1993-1996 
610 2 0 |a obchod zahraničný 
610 2 0 |a Slovensko 
610 2 0 |a inflácia 
610 2 0 |a rozpočet štátny 
610 2 0 |a dôchodky 
100 1 |a Ďurianová, Alica